<?xml version="1.0" encoding="UTF-8"?>
<record
    xmlns:xsi="http://www.w3.org/2001/XMLSchema-instance"
    xsi:schemaLocation="http://www.loc.gov/MARC21/slim http://www.loc.gov/standards/marcxml/schema/MARC21slim.xsd"
    xmlns="http://www.loc.gov/MARC21/slim">

  <leader>01008cam a22002531  4500</leader>
  <controlfield tag="001">79874</controlfield>
  <controlfield tag="003">BD-RjUL</controlfield>
  <controlfield tag="005">20220530110355.0</controlfield>
  <controlfield tag="008">220530s1967    iq           f000 0 arar </controlfield>
  <datafield tag="035" ind1=" " ind2=" ">
    <subfield code="a">(BD-RjUL)79874</subfield>
  </datafield>
  <datafield tag="040" ind1=" " ind2=" ">
    <subfield code="a">TAU</subfield>
    <subfield code="b">eng</subfield>
    <subfield code="c">BD-RjUL</subfield>
  </datafield>
  <datafield tag="041" ind1="0" ind2=" ">
    <subfield code="a">ara</subfield>
  </datafield>
  <datafield tag="082" ind1=" " ind2=" ">
    <subfield code="2">23</subfield>
    <subfield code="a">892.74</subfield>
    <subfield code="b">COM 1967</subfield>
  </datafield>
  <datafield tag="090" ind1=" " ind2=" ">
    <subfield code="a">892.74</subfield>
  </datafield>
  <datafield tag="100" ind1="1" ind2=" ">
    <subfield code="a">[Consul, Elias.] &#x642;&#x646;&#x635;&#x644;&#x60C; &#x627;&#x644;&#x64A;&#x627;&#x633;</subfield>
    <subfield code="9">3273</subfield>
  </datafield>
  <datafield tag="245" ind1="1" ind2="0">
    <subfield code="a">[Min man&#x101;hil al-&#x1E25;ay&#x103;h ]  &#x645;&#x646; &#x645;&#x646;&#x627;&#x647;&#x644; &#x627;&#x644;&#x62D;&#x64A;&#x627;&#x629; /</subfield>
    <subfield code="c">&#x62A;&#x623;&#x644;&#x64A;&#x641; &#x627;&#x644;&#x64A;&#x627;&#x633; &#x642;&#x646;&#x635;&#x644;.[ Ily&#x101;s Qun&#x1E63;ul]</subfield>
  </datafield>
  <datafield tag="260" ind1=" " ind2=" ">
    <subfield code="a">&#x628;&#x63A;&#x62F;&#x627;&#x62F; :</subfield>
    <subfield code="b">&#x62F;&#x627;&#x631; &#x627;&#x644;&#x62C;&#x645;&#x647;&#x648;&#x631;&#x64A;&#x629;&#x60C;</subfield>
    <subfield code="c">[&#x661;&#x669;&#x666;&#x667;]</subfield>
  </datafield>
  <datafield tag="300" ind1=" " ind2=" ">
    <subfield code="a">&#x661;&#x660;&#x664; &#x635;.</subfield>
    <subfield code="c">23 cm</subfield>
  </datafield>
  <datafield tag="490" ind1="1" ind2=" ">
    <subfield code="a">[silsilat alqisat w almasrahiat ; ] &#x633;&#x644;&#x633;&#x644;&#x629; &#x627;&#x644;&#x642;&#x635;&#x629; &#x648; &#x627;&#x644;&#x645;&#x633;&#x631;&#x62D;&#x64A;&#x629; &#x61B;</subfield>
    <subfield code="v">&#x663;</subfield>
  </datafield>
  <datafield tag="500" ind1=" " ind2=" ">
    <subfield code="a">&#x641;&#x64A; &#x631;&#x623;&#x633; &#x627;&#x644;&#x639;&#x646;&#x648;&#x627;&#x646;: &#x648;&#x632;&#x627;&#x631;&#x629; &#x627;&#x644;&#x62B;&#x642;&#x627;&#x641;&#x629; &#x648;&#x627;&#x644;&#x627;&#x631;&#x634;&#x627;&#x62F;, &#x645;&#x62F;&#x64A;&#x631;&#x64A;&#x629; &#x627;&#x644;&#x62B;&#x642;&#x627;&#x641;&#x629; &#x627;&#x644;&#x639;&#x627;&#x645;&#x629;</subfield>
  </datafield>
  <datafield tag="650" ind1=" " ind2="4">
    <subfield code="a">Arabic essays</subfield>
    <subfield code="9">3274</subfield>
  </datafield>
  <datafield tag="830" ind1=" " ind2="0">
    <subfield code="a">[silsilat alqisat w almasrahiat ; ] &#x633;&#x644;&#x633;&#x644;&#x629; &#x627;&#x644;&#x642;&#x635;&#x629; &#x648;&#x627;&#x644;&#x645;&#x633;&#x631;&#x62D;&#x64A;&#x629; &#x61B;</subfield>
    <subfield code="v">&#x663;</subfield>
    <subfield code="9">3275</subfield>
  </datafield>
  <datafield tag="942" ind1=" " ind2=" ">
    <subfield code="2">ddc</subfield>
    <subfield code="c">BK</subfield>
  </datafield>
  <datafield tag="999" ind1=" " ind2=" ">
    <subfield code="c">79874</subfield>
    <subfield code="d">79874</subfield>
  </datafield>
  <datafield tag="952" ind1=" " ind2=" ">
    <subfield code="0">0</subfield>
    <subfield code="1">0</subfield>
    <subfield code="2">ddc</subfield>
    <subfield code="4">0</subfield>
    <subfield code="7">1</subfield>
    <subfield code="8">NFIC</subfield>
    <subfield code="a">RUCL</subfield>
    <subfield code="b">RUCL</subfield>
    <subfield code="c">Reading</subfield>
    <subfield code="d">1995-10-18</subfield>
    <subfield code="e">RUCL</subfield>
    <subfield code="l">0</subfield>
    <subfield code="o">A 892.74 COM 1967</subfield>
    <subfield code="r">2022-05-30 00:00:00</subfield>
    <subfield code="t">C-1</subfield>
    <subfield code="w">2022-05-30</subfield>
    <subfield code="y">BK</subfield>
  </datafield>
</record>
